Central Library OPAC University of Rajshahi

The meaning of the separation of powers : (Record no. 35940)

MARC details
000 -LEADER
fixed length control field 00828nam a2200229 a 4500
001 - CONTROL NUMBER
control field 35940
003 - CONTROL NUMBER IDENTIFIER
rucl marc code BD-RjUL
005 - DATE AND TIME OF LATEST TRANSACTION
control field 20211209052415.0
008 - FIXED-LENGTH DATA ELEMENTS--GENERAL INFORMATION
fixed length control field 140612s1965 lau 001 0 eng d
035 ## - SYSTEM CONTROL NUMBER
System control number (BD-RjUL)36037
040 ## - CATALOGING SOURCE
Original cataloging agency NUN
Language of cataloging eng
Transcribing agency NUN
Modifying agency VSC
-- BD-RjUL
041 ## - LANGUAGE CODE
Language code of text/sound track or separate title eng
082 04 - DEWEY DECIMAL CLASSIFICATION NUMBER
Classification number 320.40973
Edition number 20
Author mark and year GWM 1965
100 1# - MAIN ENTRY--PERSONAL NAME
Personal name Gwyn, William Brent.
9 (RLIN) 109404
245 14 - TITLE STATEMENT
Title The meaning of the separation of powers :
Remainder of title an analysis of the doctrine from its origin to the adoption of the United States Constitution /
Statement of responsibility, etc. by W. B. Gwyn.
260 ## - PUBLICATION, DISTRIBUTION, ETC. (IMPRINT)
Place of publication, distribution, etc. New Orleans :
Name of publisher, distributor, etc. Tulane University,
Date of publication, distribution, etc. 1965.
300 ## - PHYSICAL DESCRIPTION
Pagination vii, 159 p. ;
Size 23 cm.
504 ## - BIBLIOGRAPHY, ETC. NOTE
Bibliography, etc Bibliography: p. [142]-153. and Index
650 #0 - SUBJECT ADDED ENTRY--TOPICAL TERM
Topical term or geographic name as entry element Separation of powers
Geographic subdivision United States.
9 (RLIN) 109406
942 ## - ADDED ENTRY ELEMENTS (KOHA)
Source of classification or shelving scheme Dewey Decimal Classification
Koha item type Books
Holdings
Lost status Source of classification or shelving scheme Damaged status Not for loan Collection code Permanent Location Current Location Shelving location Date acquired Source of acquisition Cost, normal purchase price Total Checkouts Full call number Date last seen Copy number Koha item type
  Dewey Decimal Classification   Not For Loan Non-fiction Central Library, University of Rajshahi Central Library, University of Rajshahi Reading Room 08/09/1967 Zeitlinger 64.00   320.40973 GWM 1965 12/06/2014 C-1 Books